[Event "CAN-ch U08"]
[Site "Sault Ste Marie"]
[Date "2017.07.06"]
[Round "2"]
[White "Taylor, Aiden L"]
[Black "Liu, Eric"]
[Result "0-1"]
[WhiteElo "718"]
[BlackElo "1152"]
[PlyCount "92"]
[EventDate "2017.07.06"]
[EventType "swiss"]
[EventRounds "7"]
[EventCountry "CAN"]
[SourceTitle "EXT 2022"]
[Source "ChessBase"]
[SourceDate "2021.10.06"]
[SourceVersion "1"]
[SourceVersionDate "2021.10.06"]
[SourceQuality "1"]

1. e4 e5 2. Nf3 Nc6 3. Nc3 Nf6 4. Bc4 Bc5 5. d3 d6 6. Bg5 h6 7. Bh4 Bg4 8. h3 Nd4 9. hxg4 Qd7 10. Bxf6 gxf6 11. Nd5 Qd8 12. Nxd4 Bxd4 13. c3 Bc5 14. Qf3 Kd7 15. Nxf6+ Kc8 16. Qf5+ Kb8 17. Nd7+ Kc8 18. Nb6+ Kb8 19. Nxa8 Kxa8 20. Qxf7 Rf8 21. Qd5 Bxf2+ 22. Kd1 c6 23. Qe6 Rf6 24. Qg8 Rf8 25. Qg5 hxg5 26. Rf1 Be3 27. Re1 Bf2 28. Rf1 Bg3 29. Rg1 d5 30. exd5 cxd5 31. Bb3 Qb6 32. Kc2 Rf2+ 33. Kb1 Re2 34. Rf1 Re1+ 35. Kc2 Rxf1 36. Rxf1 Qc5 37. Bxd5 a6 38. Be4 Qe3 39. Bf3 Bf4 40. Rd1 Qf2+ 41. Kb3 Ka7 42. d4 exd4 43. cxd4 b5 44. d5 a5 45. Kc3 Qc5+ 46. Kd3 Qc4# 0-1

[Event "CAN-ch U08"]
[Site "Windsor"]
[Date "2016.07.08"]
[Round "6.131"]
[White "Taylor, Aiden L"]
[Black "Puri, Arjun"]
[Result "1-0"]
[WhiteElo "582"]
[BlackElo "565"]
[PlyCount "31"]
[EventDate "2016.07.05"]
[EventType "swiss"]
[EventRounds "7"]
[EventCountry "CAN"]
[SourceTitle "EXT 2022"]
[Source "ChessBase"]
[SourceDate "2021.10.06"]
[SourceVersion "1"]
[SourceVersionDate "2021.10.06"]
[SourceQuality "1"]

1. e4 e5 2. Nf3 Nc6 3. Bc4 Nf6 4. 0-0 Bc5 5. Ng5 Ng4 6. Qxg4 f6 7. Bf7+ Kf8 8. Qh5 fxg5 9. Be8 Qe7 10. Nc3 Qe6 11. Nd5 Nd4 12. Nxc7 Ne2+ 13. Qxe2 Rb8 14. Nxe6+ Kg8 15. Qf3 Be7 16. Qf7# 1-0

[Event "CAN-ch U08"]
[Site "Windsor"]
[Date "2016.07.06"]
[Round "3.126"]
[White "Deng, Henry"]
[Black "Taylor, Aiden L"]
[Result "0-1"]
[WhiteElo "1050"]
[BlackElo "582"]
[PlyCount "36"]
[EventDate "2016.07.05"]
[EventType "swiss"]
[EventRounds "7"]
[EventCountry "CAN"]
[SourceTitle "EXT 2022"]
[Source "ChessBase"]
[SourceDate "2021.10.06"]
[SourceVersion "1"]
[SourceVersionDate "2021.10.06"]
[SourceQuality "1"]

1. d4 e6 2. Bf4 Nf6 3. c3 Be7 4. Nf3 0-0 5. e3 c5 6. Bb5 cxd4 7. Qxd4 a6 8. a4 axb5 9. axb5 Rxa1 10. Ke2 Qa5 11. b4 Qa2+ 12. Kd3 Qb2 13. Bxb8 Ra2 14. Nbd2 Qc2+ 15. Kc4 d5+ 16. Qxd5 exd5+ 17. Kd4 Ne4 18. Nxe4 Qxe4# 0-1